Enfermedades infecciosas de los animales domésticos / (Record no. 111542)

MARC details
000 -LEADER
campo de control de longitud fija 00790nam a2200217 i 4500
001 - NÚMERO DE CONTROL
campo de control 111542
003 - IDENTIFICADOR DE NÚMERO DE CONTROL
campo de control ES-MaACL
005 - FECHA Y HORA DE LA ÚLTIMA TRANSACCIÓN
campo de control 20250812230818.0
007 - CAMPO FIJO DE DESCRIPCIÓN FÍSICA--INFORMACIÓN GENERAL
campo de control de longitud fija t|
008 - DATOS DE LONGITUD FIJA--INFORMACIÓN GENERAL
campo de control de longitud fija 061121s1912 sp a r ||||1| spa d
080 ## - NÚMERO DE LA CLASIFICACIÓN DECIMAL UNIVERSAL
Número de la Clasificación Decimal Universal 636.09:616.9
100 1# - ENTRADA PRINCIPAL--NOMBRE DE PERSONA
Nombre de persona Oreste, Pietro.
9 (RLIN) 87238
245 10 - MENCIÓN DEL TÍTULO
Título Enfermedades infecciosas de los animales domésticos /
Mención de responsabilidad, etc. Pietro Oreste ; traducción directa de la tercera edición italiana por Dalmacio García e Izcara, Gustavo Pittaluga.
260 ## - PUBLICACIÓN, DISTRIBUCIÓN, ETC.
Lugar de publicación, distribución, etc. Madrid :
Nombre del editor, distribuidor, etc. Nicolás Moya,
Fecha de publicación, distribución, etc. 1912.
300 ## - DESCRIPCIÓN FÍSICA
Extensión VIII, 831 p. :
Otras características físicas il. ;
Dimensiones 24 cm.
650 #7 - PUNTO DE ACCESO ADICIONAL DE MATERIA--TÉRMINO DE MATERIA
Término de materia o nombre geográfico como elemento de entrada Enfermedades infecciosas en animales
Fuente del encabezamiento o término embne
9 (RLIN) 155593
700 1# - ENTRADA AGREGADA--NOMBRE PERSONAL
Nombre de persona García e Izcara, Dalmacio.
9 (RLIN) 54564
700 1# - ENTRADA AGREGADA--NOMBRE PERSONAL
Nombre de persona Pittaluga, Gustavo,
Fechas asociadas al nombre 1876-1956
9 (RLIN) 155591
852 ## - LOCALIZACIÓN
Ubicación ES-MaACL
Número de control de estantería E-1434
Holdings
Estatus retirado Estado de pérdida Estado de daño No para préstamo Biblioteca de origen Biblioteca actual Ubicación en estantería Fecha de adquisición Fuente de adquisición Total de préstamos Signatura topográfica completa Código de barras Visto por última vez Precio de reemplazo Tipo de ítem Koha
        Biblioteca del Ateneo de Madrid Biblioteca del Ateneo de Madrid Depósito 2 17/01/2008     E-1434 1116363 23/02/2023 23/02/2023 Libro impreso